Устройство сопряжения с объектом для программно-аппаратной идентификации; Современные техника и технологии; Т. 2

Bibliografiske detaljer
Parent link:Современные техника и технологии: сборник трудов XIX международной научно-практической конференции студентов, аспирантов и молодых ученых, Томск, 15-19 апреля 2013 г./ Национальный исследовательский Томский политехнический университет (ТПУ).— , 2013
Т. 2.— 2013.— [С. 367-368]
Hovedforfatter: Таскаев Р. И.
Institution som forfatter: Национальный исследовательский Томский политехнический университет (ТПУ) Институт кибернетики (ИК) Кафедра интегрированных компьютерных систем управления (ИКСУ)
Andre forfattere: Окружко А. С. (научный руководитель), Рудницкий В. А. Владислав Александрович
Summary:Заглавие с титульного экрана
Sprog:russisk
Udgivet: 2013
Serier:Информатика и управление в технических системах
Fag:
Online adgang:http://www.lib.tpu.ru/fulltext/c/2013/C01/V2/180.pdf
Format: MixedMaterials Electronisk Book Chapter
KOHA link:https://koha.lib.tpu.ru/cgi-bin/koha/opac-detail.pl?biblionumber=243675

MARC

LEADER 00000naa2a2200000 4500
001 243675
005 20251219092540.0
035 |a (RuTPU)RU\TPU\book\265026 
035 |a RU\TPU\book\264954 
090 |a 243675 
100 |a 20131003d2013 k y0rusy50 ca 
101 0 |a rus 
102 |a RU 
135 |a drnn ---uucaa 
181 0 |a i  
182 0 |a b 
200 1 |a Устройство сопряжения с объектом для программно-аппаратной идентификации  |f Р. И. Таскаев, А. С. Окружко, В. А. Рудницкий  |g науч. рук. В. А. Рудницкий 
203 |a Текст  |c электронный 
225 1 |a Информатика и управление в технических системах 
300 |a Заглавие с титульного экрана 
320 |a [Библиогр.: с. 368 (3 назв.)] 
337 |a Adobe Reader 
461 1 |0 (RuTPU)RU\TPU\book\263794  |t Современные техника и технологии  |o сборник трудов XIX международной научно-практической конференции студентов, аспирантов и молодых ученых, Томск, 15-19 апреля 2013 г.  |o в 3 т.  |f Национальный исследовательский Томский политехнический университет (ТПУ)   |d 2013 
463 1 |0 (RuTPU)RU\TPU\book\263797  |t Т. 2  |v [С. 367-368]  |d 2013 
610 1 |a труды учёных ТПУ 
610 1 |a электронный ресурс 
610 1 |a устройство 
610 1 |a сопряжение 
610 1 |a программно-аппаратные методы 
610 1 |a идентификация 
700 1 |a Таскаев  |b Р. И. 
701 1 |a Окружко  |b А. С. 
701 1 |a Рудницкий  |b В. А.  |c специалист в области автоматического управления  |c доцент Томского политехнического университета, кандидат технических наук  |f 1968-  |g Владислав Александрович  |3 (RuTPU)RU\TPU\pers\26784 
702 1 |a Рудницкий  |b В. А.  |c специалист в области автоматического управления  |c доцент Томского политехнического университета, кандидат технических наук  |f 1968-  |g Владислав Александрович  |3 (RuTPU)RU\TPU\pers\26784  |4 727 
712 0 2 |a Национальный исследовательский Томский политехнический университет (ТПУ)  |b Институт кибернетики (ИК)  |b Кафедра интегрированных компьютерных систем управления (ИКСУ)  |3 (RuTPU)RU\TPU\col\18701 
801 2 |a RU  |b 63413507  |c 20131003  |g RCR 
856 4 |u http://www.lib.tpu.ru/fulltext/c/2013/C01/V2/180.pdf 
942 |c CF